| 000 | 00616nam a2200169 4500 | ||
|---|---|---|---|
| 001 | 18642 | ||
| 005 | 20201125173901.0 | ||
| 007 | tu | ||
| 008 | 170302s1754||||||| ger | ||
| 245 | 0 | 0 | _aTabula Lectionum Publice Et Privatim In Academia Regia Viadrina Per Hiemem M D CC LIIII Ad LV Habendarum |
| 264 |
_aFrankfurt (Oder) _bWinter _c1754 |
||
| 365 | _c€ | ||
| 546 | _adeutsch | ||
| 650 | 0 | 4 | _aUniversität |
| 650 | 0 | 4 | _aFrankfurt (Oder) |
| 650 | 0 | 4 | _aUhlius, Boehmer, Stosch, Jablonski, Grillo, Causse, Surland, de Hackeman, Cartheuser, Westerman, Polac, Baumgarten, de Steinwehr, Nicolai, Deutsch, Simonetti |
| 999 |
_c78913 _d78913 |
||